000 00623nam a2200193 i 4500
001 102434
003 ES-MaACL
005 20230906183117.0
007 t|
008 051110s1974 sp ||||1| spa d
100 1 _aMercer, Edgard Howard.
_980450
245 1 0 _aManual de microscopia electrónica para biólogos /
_cE. H. Mercer y M. S. C. Birbeck; traducción: Federico Uruburu.
250 _a[1ª ed.].
260 _aMadrid :
_bBlume,
_c1974.
300 _aXII, 118 p. ;
_c21 cm.
700 1 _aBirbeck, Michael Stanley Clive.
_928960
700 1 _aUruburu, Federico.
_9112271
852 _aES-MaACL
_jE-6549
_bR.90995
999 _c102434
_d102434